<?xml version="1.0" encoding="UTF-8"?>
<marc:record xmlns:marc="http://www.loc.gov/MARC21/slim">
   <marc:leader>00000nam a2200000 a 4500</marc:leader>
   <marc:datafield ind1="1" ind2=" " tag="100">
      <marc:subfield code="a">Gehm, Franziska</marc:subfield>
      <marc:subfield code="4">aut</marc:subfield>
      <marc:subfield code="e">Verfasser/-in</marc:subfield>
   </marc:datafield>
   <marc:datafield ind1="0" ind2="0" tag="245">
      <marc:subfield code="a">Die Vulkanos</marc:subfield>
   </marc:datafield>
   <marc:datafield ind1="0" ind2="0" tag="245">
      <marc:subfield code="b">Die Vulkanos brüten was aus!</marc:subfield>
   </marc:datafield>
   <marc:datafield ind1="0" ind2="0" tag="245">
      <marc:subfield code="c">Gehm, Franziska</marc:subfield>
   </marc:datafield>
   <marc:datafield ind1=" " ind2="1" tag="264">
      <marc:subfield code="a">Bindlach</marc:subfield>
      <marc:subfield code="b">Loewe</marc:subfield>
      <marc:subfield code="c">2015</marc:subfield>
   </marc:datafield>
   <marc:datafield ind1=" " ind2=" " tag="250">
      <marc:subfield code="a">1. Aufl.</marc:subfield>
   </marc:datafield>
   <marc:datafield ind1="1" ind2=" " tag="520">
      <marc:subfield code="a">Angaben aus der Verlagsmeldung &#xD;
&#xD;
 &#xD;
&#xD;
  Die Vulkanos – Die Vulkanos brüten was aus! / von Franziska Gehm &#xD;
&#xD;
 &#xD;
Heimtückische Plinguine und unsichtbare Bewacher, die einen Schatz aus Diamanten hüten – so ein Quatsch, findet Krato. Natürlich weiß er, wie es sich mit Märchen verhält: Die eine Hälfte stimmt, die andere nicht. Und in diesem Fall stimmt sicher nur die Hälfte mit dem Schatz. &#xD;
Also ziehen Flambia und Krato los auf Schatzsuche in der Steinsteppe! &#xD;
 &#xD;
In ihrer Reihe „Die Vulkanos“ erzählt Erfolgsautorin Franziska Gehm („Die Vampirschwestern“) mit viel Humor von spannenden Abenteuern, außergewöhnlicher Freundschaft und Individualität. Ein Buch mit vielen bunten Bildern zum ersten Lesen ab 7 Jahren, das zugleich auch zum Vorlesen für Kinder ab 5 Jahren geeignet ist.</marc:subfield>
   </marc:datafield>
   <marc:datafield ind1=" " ind2=" " tag="020">
      <marc:subfield code="a">9783785580462</marc:subfield>
      <marc:subfield code="9">9783785580462</marc:subfield>
   </marc:datafield>
   <marc:datafield ind1=" " ind2=" " tag="020">
      <marc:subfield code="a">3785580460</marc:subfield>
      <marc:subfield code="9">3785580460</marc:subfield>
   </marc:datafield>
   <marc:datafield ind1=" " ind2=" " tag="041">
      <marc:subfield code="a">ger</marc:subfield>
   </marc:datafield>
   <marc:datafield ind1=" " ind2=" " tag="300">
      <marc:subfield code="b">zahlr. Ill.</marc:subfield>
   </marc:datafield>
   <marc:datafield ind1=" " ind2=" " tag="338">
      <marc:subfield code="a">Band</marc:subfield>
   </marc:datafield>
   <marc:datafield ind1=" " ind2=" " tag="300">
      <marc:subfield code="a">69 S.</marc:subfield>
   </marc:datafield>
</marc:record>
